000 00627nam a2200217 i 4500
001 bgj
100 1 _aMARK, Geraldine
245 1 0 _aAdventures :
_bteacher's book : starter /
_cGeraldine Mark ; Ben Wetz ; Nicholas Tims.
260 _aOxford :
_bOxford University Press,
_c2002.
300 _a186 pp :
_bill. ;
_c30 cm.
650 9 _aEnglish language
655 _aTextbooks for foreigners
700 1 _aWETZ, Ben.
_eco-author
700 1 _aTIMS, Nicholas.
_eco-author
020 _a0194703363
040 _cBPK
041 0 _aeng
920 _a0-19-470336-3
942 _cKS
008 s uk f |000 0 eng
999 _c48960
_d48960